|
|
|
|
| LEADER |
00000nam0a2200000 4500 |
| 001 |
329029 |
| 005 |
20231102004124.0 |
| 035 |
|
|
|a (RuTPU)RU\TPU\book\354769
|
| 090 |
|
|
|a 329029
|
| 100 |
|
|
|a 20170302d1971 km y0rusy50 ca
|
| 101 |
0 |
|
|a rus
|
| 102 |
|
|
|a RU
|
| 105 |
|
|
|a a z 001zy
|
| 200 |
1 |
|
|a Шум автотракторных двигателей внутреннего сгорания. Методы исследования, пути снижения
|f В. Н. Луканин
|
| 210 |
|
|
|a Москва
|c Машиностроение
|d 1971
|
| 215 |
|
|
|a 271 с.
|c ил.
|
| 320 |
|
|
|a Библиогр.: с. 265-268
|
| 606 |
1 |
|
|a Автотракторные двигатели
|2 stltpush
|3 (RuTPU)RU\TPU\subj\1371
|9 30155
|
| 610 |
1 |
|
|a двигатели внутреннего сгорания
|
| 610 |
1 |
|
|a шум
|
| 610 |
1 |
|
|a исследования
|
| 610 |
1 |
|
|a физико-математические основы
|
| 610 |
1 |
|
|a вибрации
|
| 610 |
1 |
|
|a аппаратура
|
| 610 |
1 |
|
|a рабочие процессы
|
| 610 |
1 |
|
|a детали
|
| 610 |
1 |
|
|a материалы
|
| 610 |
1 |
|
|a механизмы
|
| 610 |
1 |
|
|a вентиляторы
|
| 610 |
1 |
|
|a эксплуатация
|
| 675 |
|
|
|a 621.431.73
|v 4
|
| 700 |
|
1 |
|a Луканин
|b В. Н.
|g Валентин Николаевич
|
| 801 |
|
1 |
|a RU
|b 63413507
|c 20170302
|
| 801 |
|
2 |
|a RU
|b 63413507
|c 20170310
|g RCR
|
| 942 |
|
|
|c BK
|